000 00766nam a22002177a 4500
003 OSt
005 20251128091923.0
008 251128b |||||||| |||| 00| 0 eng d
020 _a971-42-0429-1
040 _aDWC-Main lib
_cOC
082 _aCirc. 649.8 V666 2004
100 _aViet, L.
245 _aFamily health management manual for nursing students :
_bcommunity exposure (book 1)
_cViet, Lydia C.
260 _aBulacan :
_bTrinitas Publishing, Inc.,
_cc2004
300 _a223 pages ;
_c28 cm.
504 _aIncludes bibliographical references
650 _2 Community health services
650 _2Family -- Health and hygiene
650 _2Health behavior
942 _2ddc
_cBK-CIRC
_hCirc. 649.8 V666 2004
_kCirc.
_n0
999 _c6544
_d6544